Bewitched: The Goddess Edition - Laufey Sudden Death - Statistics

General Stats
  • This quiz has been taken 41 times
  • The average score is 11 of 15
Answers on the Grid
Answers color-coded by a green-red scale on the quiz's grid according to % correct below.
Dreamer
Second Best
Haunted
Must Be Love
While You Were Sleeping
Lovesick
California and Me
Nocturne (Interlude)
Promise
From The Start
Serendipity
Letter To My 13 Year Old Self
Bewitched
Bored
Hi
Goddess
Fragile
Tough Luck
Castle in Hollywood
Lover Girl
Falling Behind
Silver Lining
Winter Wonderland
Valentine
Snow White
Clockwork
Street by Street
Night Light
 
Answer Stats
Answer % Correct
Bewitched
86%
Dreamer
82%
Goddess
82%
Bored
79%
Haunted
79%
Nocturne (Interlude)
79%
Promise
79%
Letter To My 13 Year Old Self
75%
Second Best
75%
From The Start
71%
Serendipity
71%
Lovesick
68%
While You Were Sleeping
68%
California and Me
64%
Must Be Love
61%
No matching quizzes found
Score Distribution
Percent of People with Each Score
Percentile by Number Answered
Your Score History
You have not taken this quiz